|
|
|
|
| LEADER |
00000cam a22000007a 4500 |
| 005 |
20111019150155.0 |
| 008 |
060228s2005 sp fr 000 0 spa c |
| 020 |
|
|
|a 84-9772-685-5
|
| 035 |
|
|
|a 5968
|
| 040 |
|
|
|a vLex
|
| 090 |
|
|
|c 2676
|d 2676
|
| 100 |
1 |
|
|a Carretero Sanchez, Santiago
|
| 245 |
1 |
0 |
|a Nueva introduccin̤ a la Teora̕ del derecho
|h [Recurso electrn̤ico] /
|c Santiago Carretero Sǹchez
|
| 256 |
|
|
|a Servicio en ln̕ea.
|
| 260 |
|
|
|a Madrid :
|b Dykinson :
|b Universidad Rey Juan Carlos,
|c cop. 2005
|
| 300 |
|
|
|a 1 recurso electrn̤ico
|
| 506 |
1 |
|
|a Contenido solo disponible en los productos indicados
|d vLex Global
|d vLex Global (Academic Edition, excluding Law Schools)
|d vLex Global (U.S. Academic Edition, Law Schools)
|d vLex Global (U.S. Academic Edition, excluding Law Schools)
|d vLex Global (Academic Edition, Law Schools)
|
| 650 |
0 |
4 |
|a Derecho
|z Espaą
|
| 740 |
0 |
|
|a vLex Libros (Servicio en ln̕ea)
|
| 830 |
|
0 |
|a Ciencias juridicas y sociales ;
|v 28
|
| 856 |
4 |
0 |
|u http://vlex.com/source/nueva-introduccion-teoria-derecho-5968
|z Acceso restringido
|
| 942 |
|
|
|c BOOK
|